Daňové priznanie právnických osôb za rok 1999

Právne predpisy k povinnosti podávať daňové priznanie k dani z príjmov právnických osôb. Komplexný príklad na vyplňovanie daňového priznania právnických osôb za rok 1999.

Na minha lista:
Detalhes bibliográficos
Autor principal: Harumová, Anna, 1955-
Formato: Capítulo de Livro
Idioma:eslovaco
Assuntos:
Tags: Adicionar Tag
Sem tags, seja o primeiro a adicionar uma tag!

MARC

LEADER 00000naa a2200000 4500
001 r037259
005 20240502071333.5
041 0 |a slo 
044 |a SK 
245 1 0 |a Daňové priznanie právnických osôb za rok 1999  |c Anna Harumová 
520 |a Právne predpisy k povinnosti podávať daňové priznanie k dani z príjmov právnických osôb. Komplexný príklad na vyplňovanie daňového priznania právnických osôb za rok 1999. 
610 2 0 |a priznania daňové 
610 2 0 |a dane z príjmov 
610 2 0 |a sadzby daňové 
610 2 0 |a osoby právnické 
610 2 0 |a legislatíva 
610 2 0 |a Slovensko 
100 1 |a Harumová, Anna, 1955-